Magyar Pedagógia
Elmentve itt :
| Dokumentumtípus: | Cikk |
|---|---|
| Megjelent: |
1942
|
| Sorozat: | A cselekvés iskolája
10 |
| Kulcsszavak: | Neveléstudomány |
| Tárgyszavak: | |
| Online Access: | http://acta.bibl.u-szeged.hu/34096 |
| LEADER | 00566nab a2200181 i 4500 | ||
|---|---|---|---|
| 001 | acta34096 | ||
| 005 | 20231009105005.0 | ||
| 008 | 161017s1942 hu o 0|| hun d | ||
| 040 | |a SZTE Egyetemi Kiadványok Repozitórium |b hun | ||
| 041 | |a hun | ||
| 245 | 0 | 0 | |a Magyar Pedagógia |h [elektronikus dokumentum] |
| 260 | |c 1942 | ||
| 300 | |a 86-87 | ||
| 490 | 0 | |a A cselekvés iskolája |v 10 | |
| 650 | 4 | |a Társadalomtudományok | |
| 650 | 4 | |a Oktatástudomány | |
| 695 | |a Neveléstudomány | ||
| 856 | 4 | 0 | |u http://acta.bibl.u-szeged.hu/34096/1/cselekves_010_086-087.pdf |z Dokumentum-elérés |